| 000 | 01011nam a2200277Ia 4500 | ||
|---|---|---|---|
| 001 | 113599 | ||
| 003 | DR-UNIBE | ||
| 005 | 20250820090801.0 | ||
| 008 | 250512b2001 dr ||||| |||| 00| 0 spa d | ||
| 020 | _a8484001830 | ||
| 040 |
_aBIBLIOTECA UNIBE _cBIBLIOTECA UNIBE _erda |
||
| 041 | _aspa | ||
| 082 | 0 | _aRD 342 P419re | |
| 100 | 0 |
_aPeña Batlle, Manuel Arturo, _d1902-1954 _9105996 _eautor |
|
| 245 | 1 | 0 |
_aReseña historica de constitución política y reformas constitucionales desde 1881 al 1942 / _cManuel Arturo Peña Batlle |
| 260 | 4 |
_aSanto Domingo : _bFundación Peña Batlle, _c2001 |
|
| 300 | 4 | _a112 páginas | |
| 504 | 4 | _aIncluye bibliografía | |
| 505 | 4 | _aCiencias Políticas | |
| 650 | 7 |
_aCiencias políticas _9107335 _2lemb |
|
| 650 | 7 |
_aHistoria constitucional _zRepública Dominicana _2lemb _94069 |
|
| 650 | 4 |
_aReformas constitucionales _zRepública Dominicana _930189 _2lemb |
|
| 700 | 1 |
_aHidalgo Reynoso, Ramón _eeditor _9195243 |
|
| 942 |
_cBK _2ddc |
||
| 951 | _a20061022 10:18:00 | ||
| 999 |
_c113599 _d113599 |
||